<?xml version="1.0" encoding="UTF-8"?>
<collection xmlns="http://www.loc.gov/MARC21/slim">
 <record>
  <leader>01127nam a2200253 a 4500</leader>
  <controlfield tag="001">26923</controlfield>
  <controlfield tag="008">130425s2007    ii       bf   001 0 eng d</controlfield>
  <datafield tag="010" ind1=" " ind2=" ">
   <subfield code="a">2007394107</subfield>
  </datafield>
  <datafield tag="020" ind1=" " ind2=" ">
   <subfield code="a">9780195669848</subfield>
  </datafield>
  <datafield tag="020" ind1=" " ind2=" ">
   <subfield code="a">0195669843</subfield>
  </datafield>
  <datafield tag="040" ind1=" " ind2=" ">
   <subfield code="a">DLC</subfield>
   <subfield code="c">DLC</subfield>
   <subfield code="d">DLC</subfield>
   <subfield code="d">BD-DhAAL</subfield>
  </datafield>
  <datafield tag="082" ind1="0" ind2="0">
   <subfield code="a">330.954</subfield>
   <subfield code="2">22</subfield>
  </datafield>
  <datafield tag="245" ind1="0" ind2="4">
   <subfield code="a">The Oxford companion to economics in India /</subfield>
   <subfield code="c">edited by Kaushik Basu.</subfield>
  </datafield>
  <datafield tag="260" ind1=" " ind2=" ">
   <subfield code="a">New Delhi ;</subfield>
   <subfield code="a">New York :</subfield>
   <subfield code="b">Oxford Univ. Press,</subfield>
   <subfield code="c">2007.</subfield>
  </datafield>
  <datafield tag="300" ind1=" " ind2=" ">
   <subfield code="a">ix, 602 p. ;</subfield>
   <subfield code="c">29 cm.+</subfield>
   <subfield code="e">1 CD-Rom.</subfield>
  </datafield>
  <datafield tag="504" ind1=" " ind2=" ">
   <subfield code="a">Includes bibliographical references and indexes.</subfield>
  </datafield>
  <datafield tag="541" ind1="1" ind2=" ">
   <subfield code="e">26923</subfield>
  </datafield>
  <datafield tag="651" ind1=" " ind2="0">
   <subfield code="a">India</subfield>
   <subfield code="x">Economic policy</subfield>
   <subfield code="y">1991-</subfield>
   <subfield code="v">Handbooks, manuals, etc.</subfield>
  </datafield>
  <datafield tag="651" ind1=" " ind2="0">
   <subfield code="a">India</subfield>
   <subfield code="x">Economic conditions</subfield>
   <subfield code="y">1945-</subfield>
   <subfield code="v">Handbooks, manuals, etc.</subfield>
  </datafield>
  <datafield tag="700" ind1="1" ind2=" ">
   <subfield code="a">Basu, Kaushik.</subfield>
  </datafield>
  <datafield tag="852" ind1="1" ind2=" ">
   <subfield code="a">Ayesha Abed Library</subfield>
   <subfield code="j">General Shelf.</subfield>
  </datafield>
  <datafield tag="999" ind1=" " ind2=" ">
   <subfield code="c">13402</subfield>
   <subfield code="d">13402</subfield>
  </datafield>
  <datafield tag="952" ind1=" " ind2=" ">
   <subfield code="0">0</subfield>
   <subfield code="1">0</subfield>
   <subfield code="2">ddc</subfield>
   <subfield code="4">0</subfield>
   <subfield code="6">330_954000000000000_OXF</subfield>
   <subfield code="7">0</subfield>
   <subfield code="9">22338</subfield>
   <subfield code="a">IGS</subfield>
   <subfield code="b">IGS</subfield>
   <subfield code="c">GEN</subfield>
   <subfield code="d">2012-04-22</subfield>
   <subfield code="e">Prothoma</subfield>
   <subfield code="g">5720.00</subfield>
   <subfield code="l">0</subfield>
   <subfield code="o">330.954 OXF</subfield>
   <subfield code="p">3010026923</subfield>
   <subfield code="r">2013-05-12</subfield>
   <subfield code="t">1</subfield>
   <subfield code="w">2012-04-22</subfield>
   <subfield code="y">BK</subfield>
  </datafield>
  <datafield tag="952" ind1=" " ind2=" ">
   <subfield code="0">0</subfield>
   <subfield code="1">0</subfield>
   <subfield code="2">ddc</subfield>
   <subfield code="4">0</subfield>
   <subfield code="6">330_954000000000000_OXF</subfield>
   <subfield code="7">0</subfield>
   <subfield code="9">22339</subfield>
   <subfield code="a">IGS</subfield>
   <subfield code="b">IGS</subfield>
   <subfield code="c">AV</subfield>
   <subfield code="d">2012-04-22</subfield>
   <subfield code="e">Prothoma</subfield>
   <subfield code="l">0</subfield>
   <subfield code="o">330.954 OXF</subfield>
   <subfield code="p">4010026923</subfield>
   <subfield code="r">2013-05-12</subfield>
   <subfield code="t">1</subfield>
   <subfield code="w">2012-04-22</subfield>
   <subfield code="y">AV</subfield>
  </datafield>
 </record>
</collection>
